|
|
|
|
| LEADER |
00000nab a2200000 a 4500 |
| 001 |
vtls001026770 |
| 003 |
SK-MaSNL |
| 005 |
20260303192756.0 |
| 008 |
040720e20000302xo 0 slo |
| 035 |
|
|
|a SL5324
|
| 040 |
|
|
|a SLLK
|b slo
|c SLLK
|e AACR2
|
| 041 |
0 |
|
|a slo
|
| 044 |
|
|
|a xo
|c SK
|
| 080 |
|
|
|a 796.325
|2 1981
|
| 100 |
0 |
|
|a (F.K.)
|4 aut
|9 923657
|
| 245 |
1 |
0 |
|a Dve napínavé /a nervózne/ stretnutia
|b dobrý športový výkon potešil divákov
|
| 610 |
2 |
7 |
|a ŠKM Pienstav Stará Ľubovňa
|2 SLLK
|9 1222830
|
| 610 |
2 |
7 |
|a BŠK Bardejov
|2 SLLK
|9 1027235
|
| 650 |
0 |
7 |
|a volejbal
|2 SLLK
|9 3294
|
| 650 |
0 |
7 |
|a muži
|2 SLLK
|9 4888
|
| 650 |
0 |
7 |
|a liga 2.
|2 SLLK
|9 883564
|
| 650 |
0 |
7 |
|a zápasy
|2 SLLK
|9 880005
|
| 651 |
|
7 |
|a Stará Ľubovňa (Slovensko)
|2 SLLK
|9 19193
|
| 651 |
|
7 |
|a Bardejov (Slovensko)
|2 SLLK
|9 20040
|
| 651 |
|
7 |
|a BJ,
|2 SLLK
|9 1016501
|
| 655 |
|
7 |
|a periodikum
|2 snkbucl
|9 29553
|
| 710 |
2 |
|
|a ŠKM PIENSTAV (Stará Ľubovňa, Slovensko)
|4 aut
|9 1222831
|
| 710 |
2 |
|
|a BŠK Bardejov
|4 aut
|9 1027235
|
| 773 |
0 |
8 |
|t Ľubovnianske noviny
|g Roč. 26, č.8, 2.3.2000, s. 4
|
| 852 |
|
|
|a ZVYKNI
|b KIS3GCP
|
| 999 |
|
|
|c 2148673
|d 2150603
|